Wortgemisch Fußballvereine #1 - Statistiken

Allgemein
  • Dieses Quiz wurde 97 mal gespielt
  • Das Durchschnittsergebnis liegt bei 10 aus 15
Antwortstatistiken
Hint Antwort % Korrekt
cnhenyrbamüe Bayern München
90%
tnuacnhfrkfrtiree Eintracht Frankfurt
90%
gwlobufslvrf VfL Wolfsburg
85%
dsdrenynmaodeo Dynamo Dresden
84%
plziregib RB Leipzig
76%
bcfumgdegura 1. FC Magdeburg
74%
rotdusnmouidbsra Borussia Dortmund
74%
fggtreuetürhr Greuter Fürth
71%
tsleihoiklen Holstein Kiel
66%
rnmüseetsnupß Preußen Münster
65%
caeinehmnnaaala Alemannia Aachen
60%
ssavdnhuane SV Sandhausen
60%
geurzbaeegrei Erzgebirge Aue
44%
nrssetwsoiee Rot-Weiß Essen
41%
twrgnrchuhsieeibtcaan Eintracht Braunschweig
39%
Keine übereinstimmenden Quizze gefunden
Verteilung der Resultate
Anzahl Personen mit jedem Resultat
Perzentil nach korrekt beantworteten Fragen
Ihre Resultats-Entwicklung
Sie haben dieses Quiz noch nicht gespielt